Asian Countries with Positive Population Growth in 2100 - Statistics

General Stats
  • This quiz has been taken 52 times
  • The average score is 5 of 7
Answer Stats
Population
Growth Rate
Country % Correct
+0.39% Israel
83%
+0.22% Kuwait
80%
+0.02% Kazakhstan
78%
+0.09% Qatar
78%
+0.01% Kyrgyzstan
75%
+0.38% Tajikistan
75%
+0.09% Mongolia
0%
No matching quizzes found
Score Distribution
Percent of People with Each Score
Percentile by Number Answered
Your Score History
You have not taken this quiz